| 000 | 00751nam a2200253Ia 4500 | ||
|---|---|---|---|
| 003 | OSt | ||
| 005 | 20220928104205.0 | ||
| 006 | a|||||r|||| 00| 0 | ||
| 007 | ta | ||
| 008 | 220927b |||||||| |||| 00| 0 eng d | ||
| 020 | _cINR 350.00 | ||
| 024 | _a134029 | ||
| 037 |
_b0266, 08/03/2017, Bookwell Publications _cTextual |
||
| 040 |
_aSDCL _cSDCL _beng |
||
| 041 |
_2eng _aeng |
||
| 082 | _a0-944,3N15, J9 LR | ||
| 100 | _aSingh Khushwant | ||
| 245 | 0 | _aI shall not hear the nightinale | |
| 260 |
_aGurgaon _bPenguin Books _c1959 |
||
| 300 |
_a271p. _ccm. |
||
| 650 | _aReference | ||
| 942 |
_h0-944,3N15, J9 LR _cTEXL _2CC |
||
| 999 |
_c725089 _d725089 |
||